Financial accounting (Record no. 152631)

MARC details
000 -LEADER
fixed length control field 00325nam a2200133Ia 4500
008 - FIXED-LENGTH DATA ELEMENTS--GENERAL INFORMATION
fixed length control field 230917s9999||||xx |||||||||||||| ||und||
040 ## - CATALOGING SOURCE
-- 148460
Original cataloging agency VIVEKANANDA LIBRARY
041 ## - Language
-- English
082 ## - DDC NUMBER
Classification number 657.48 T829F
100 ## - MAIN ENTRY--PERSONAL NAME
Personal name Tulsian, P.C.
245 #0 - TITLE STATEMENT
Title Financial accounting
260 ## - PUBLICATION, DISTRIBUTION, ETC. (IMPRINT)
Place of publication, distribution, etc Delhi
Name of publisher, distributor, etc Pearson Education
Date of publication, distribution, etc 2006
942 ## - ADDED ENTRY ELEMENTS (KOHA)
Koha item type Books
Holdings
Withdrawn status Lost status Damaged status Not for loan Location (home branch) Sublocation or collection (holding branch) Shelving location Date acquired Koha issues (times borrowed) Koha full call number Accession No. Koha date last seen Koha item type
        VIVEKANANDA LIBRARY VIVEKANANDA LIBRARY IMSAR Library 24/03/2010 5 657.48 T829F 276118 18/12/2025 Books
        VIVEKANANDA LIBRARY VIVEKANANDA LIBRARY IMSAR Library 24/03/2010 2 657.48 T829F 276119 08/12/2025 Books
        VIVEKANANDA LIBRARY VIVEKANANDA LIBRARY   24/03/2010 1 657.48 T829F 324437 20/04/2026 Books
        VIVEKANANDA LIBRARY VIVEKANANDA LIBRARY   24/03/2010   657.48 T829F 324438 17/09/2023 Books
        VIVEKANANDA LIBRARY VIVEKANANDA LIBRARY   24/03/2010 3 657.48 T829F 327136 17/04/2026 Books
        VIVEKANANDA LIBRARY VIVEKANANDA LIBRARY   24/03/2010   657.48 T829F 327137 17/09/2023 Books
        VIVEKANANDA LIBRARY VIVEKANANDA LIBRARY   24/03/2010 1 657.48 T829F 327138 02/01/2026 Books
© Designed and Maintained by Vivekananda Library, MDU Rohtak